000 00453nam a2200169 a 4500
005 20140412111305.0
008 010430s19uu xx 00 eng d
020 _a0-14-054853-X
050 _aTR(PS E
_bIh1 1988
100 _aGoode, Diane
245 _aI hear a noise /
_cDiane Goode.
260 _aNew York :
_bA Puffin Unicorn,
_c1988.
300 _a1v. (unp.) ; ill.
650 _aNoise-Stories
650 _aChildren's stories
999 _c103641
_d103641